书目信息 |
| 题名: |
摩托车构造使用维修
|
|
| 作者: | 曾宪铮 | |
| 分册: | ||
| 出版信息: | 长沙 湖南科学技术出版社 1996.03 |
|
| 页数: | 528页 | |
| 开本: | 19cm | |
| 丛书名: | ||
| 单 册: | ||
| 中图分类: | U269.5 | |
| 科图分类: | ||
| 主题词: | 机车工程 | |
| 电子资源: | ||
| ISBN: | ||
| 000 | 00528nam0 2200193 45 | |
| 001 | 0308271039 | |
| 005 | 20030827104341.9 | |
| 010 | @dRMB38.00 | |
| 100 | @a20030827d1996 km y0chiy0120 ea | |
| 101 | @achi | |
| 105 | @a z 000yy | |
| 200 | 1 | @a摩托车构造使用维修@Amo tuo che gou zao shi yong wei xiu@f曾宪铮@Fceng xian zheng |
| 210 | @a长沙@c湖南科学技术出版社@d1996.03 | |
| 215 | @a528页@c无图表@d19cm | |
| 606 | 0 | @a机车工程 |
| 690 | @aU269.5@v3 | |
| 701 | 0 | @a曾宪铮 |
| 801 | @aCN@b@c20030827 | |
| 905 | @aBZT@dU269.5@e16 | |
| 摩托车构造使用维修/曾宪铮.-长沙:湖南科学技术出版社,1996.03 |
| 528页:无图表;19cm |
| ISBN :RMB38.00 |
| ● |
| 相关链接 |
|
|
|
正题名:摩托车构造使用维修
索取号:U269.5/16
 
预约/预借
| 序号 | 登录号 | 条形码 | 馆藏地/架位号 | 状态 | 备注 |
| 1 | 26119 | 200472853 | 中心书库北库/ 北库040架A面4列5层44/ [索取号:U269.5/16] | 在馆 | |
| 2 | 26120 | 200472862 | 中心书库北库/ 北库040架A面4列5层45/ [索取号:U269.5/16] | 在馆 |